The practical skeptic : Core concepts in sociology
Using a conceptual organizing framework, The Practical Skeptic: Core Concepts in Sociology is a concise introduction to sociology that focuses on core concepts as the central building blocks for understanding sociology. Written in a lively, very conversational style -- witness such chapter titles as...
সংরক্ষণ করুন:
| প্রধান লেখক: | |
|---|---|
| বিন্যাস: | গ্রন্থ |
| ভাষা: | Undetermined |
| প্রকাশিত: |
Boston
McGraw-Hill Higher Education
2006
|
| বিষয়গুলি: | |
| ট্যাগগুলো: |
ট্যাগ যুক্ত করুন
কোনো ট্যাগ নেই, প্রথমজন হিসাবে ট্যাগ করুন!
|
| Thư viện lưu trữ: | Trung tâm Học liệu Trường Đại học Cần Thơ |
|---|
| LEADER | 01219nam a2200217Ia 4500 | ||
|---|---|---|---|
| 001 | CTU_151765 | ||
| 008 | 210402s9999 xx 000 0 und d | ||
| 020 | |c 20 | ||
| 082 | |a 301 | ||
| 082 | |b M163 | ||
| 100 | |a McIntyre, Lisa J. | ||
| 245 | 4 | |a The practical skeptic : | |
| 245 | 0 | |b Core concepts in sociology | |
| 245 | 0 | |c Lisa J. Mclntyre | |
| 260 | |a Boston | ||
| 260 | |b McGraw-Hill Higher Education | ||
| 260 | |c 2006 | ||
| 520 | |a Using a conceptual organizing framework, The Practical Skeptic: Core Concepts in Sociology is a concise introduction to sociology that focuses on core concepts as the central building blocks for understanding sociology. Written in a lively, very conversational style -- witness such chapter titles as "Science and Fuzzy Objects: Specialization in Sociology" and "Who’s Afraid of Sociology?" --, McIntyre uses numerous pedagogical features to help students grasp key sociological concepts and to learn the essential lesson that there is much that goes on in the social world that escapes the sociologically untrained eye. | ||
| 650 | |a Sociology,Xã hội học | ||
| 904 | |i Tran Thi Kim Hue, Trọng Hiếu | ||
| 980 | |a Trung tâm Học liệu Trường Đại học Cần Thơ | ||